| 000 | 00422nam a2200133 a 4500 | ||
|---|---|---|---|
| 001 | 000039749 | ||
| 005 | 20201002033719.0 | ||
| 008 | 130718s1968 pr ac 000 0 spa d | ||
| 040 |
_aDO-SdBNP _bspa _cBNPHU |
||
| 100 | 1 |
_aCruz Monclova, Lidio _939807 |
|
| 245 | 1 | 3 |
_aEl grito de lares / _cLidio Cruz Monclova. |
| 260 |
_aPuerto Rico : _bInstituto de Cultura Puertorriqueña, _c1968. |
||
| 300 |
_a40 p. : _bils., retrs. ; _c23 cm. |
||
| 999 |
_c39239 _d39239 |
||